000 00535nam a2200229Ia 4500
003 OSt
005 20221005133534.0
006 a|||||r|||| 00| 0
007 ta
008 221004b |||||||| |||| 00| 0 eng d
024 _a117681
037 _cTextual
040 _aCRL
_cCRL
_beng
041 _2eng
_aeng
100 _aCockrum E L
_9642582
245 0 _aZoology
260 _c1965
650 _aZOOLOGY
700 _a Mccauley W J
_9642583
942 _cTEXL
_2cc
999 _c1067144
_d1067144